000 00647nam a2200169Ia 4500
008 090711s9999 xx 000 0 und d
082 _b50368
100 _aफुले ज्योतिराव गो.
245 _aगुलामगिरी आवgत्ती 2
260 _b"विश्र्वबंधु छापखाना,"
_c1911
300 _a152
600 _aफुले ज्योतिराव गो.
630 _aगुलामगिरी आवgत्ती 2
700 _aफुले ज्योतिराव गो.
730 _aगुलामगिरी आवgत्ती 2
942 _cBOOK
999 _c327284
_d327284